000
00388nam a2200133Ia 4500
008
151001s9999||||xx |||||||||||||| ||und||
100
_a
मधुसूदन घाणेकर
245
_a
शनीचे परिणाम
250
_a
1
260
_b
जगतराम एंड कंपनी दिल्ली
260
_c
2010
300
_a
32
365
_b
18
999
_c
997776
_d
997773